[Event "2nd Indonesia Open Chess Ch. 2012"]
[Site "Grand SahidJaya Hotel, Jakarta"]
[Date "2012.10.13"]
[Round "4.46"]
[White "Sinurat, Tumpak"]
[Black "Sean, Winshand Cuhendi"]
[Result "1-0"]
[WhiteElo "2258"]
[BlackElo "2181"]
[PlyCount "111"]
[EventDate "2012.10.11"]

1. e4 c5 2. Nf3 e6 3. d4 cxd4 4. Nxd4 a6 5. Nc3 Qc7 6. g3 Nc6 7. Bg2 Nf6 8. O-O
Be7 9. Re1 Nxd4 10. Qxd4 d6 11. Qd3 O-O 12. h3 Rb8 13. a4 b6 14. f4 Bb7 15. Be3
d5 16. e5 Nd7 17. Bd4 Bc5 18. Ne2 Bc6 19. Qe3 Rbe8 20. a5 Bxd4 21. Nxd4 bxa5
22. Qc3 Qb6 23. Red1 Bb7 24. Qxa5 Qa7 25. Kh2 Rc8 26. Nb5 Qb8 27. Nd4 g5 28.
Ra3 Kh8 29. Qb4 gxf4 30. gxf4 Nc5 31. Rc3 Qa7 32. Rg3 Rg8 33. Qe1 Qb6 34. Rxg8+
Rxg8 35. Qh4 Qd8 36. Qxd8 Rxd8 37. Bf3 Rf8 38. b4 Ne4 39. f5 exf5 40. Nxf5 Rc8
41. Bxe4 dxe4 42. Kg3 h6 43. Ne3 Bc6 44. Rd6 Rg8+ 45. Kf4 Rg6 46. Nf5 Kh7 47.
h4 Rxd6 48. exd6 f6 49. Ne7 Bd7 50. Kxe4 Kg7 51. c4 Kf7 52. c5 Ke6 53. Kf4 h5
54. Ke4 Be8 55. Kd4 f5 56. Nd5 1-0

[Event "2nd Indonesia Open Chess Ch. 2012"]
[Site "Grand SahidJaya Hotel, Jakarta"]
[Date "2012.10.13"]
[Round "4.47"]
[White "Jamaludin"]
[Black "Suradiradja, Herman"]
[Result "1-0"]
[WhiteElo "2174"]
[BlackElo "2238"]
[PlyCount "55"]
[EventDate "2012.10.11"]

1. e4 c5 2. Nf3 Nc6 3. Bb5 Nf6 4. Nc3 Nd4 5. e5 Nxb5 6. Nxb5 Nd5 7. c4 Nc7 8.
Nxc7+ Qxc7 9. d4 cxd4 10. Qxd4 e6 11. O-O b6 12. b3 Bb7 13. Qf4 h6 14. a4 Be7
15. Qg3 g5 16. Nd4 a6 17. Ra2 O-O-O 18. a5 h5 19. Qc3 Qc5 20. f4 gxf4 21. Bxf4
Qxd4+ 22. Qxd4 Bc5 23. Be3 Bxd4 24. Bxd4 Rh7 25. Rf6 Rg8 26. axb6 Rg6 27. b4
Rxf6 28. g3 {Unreadable notation. Game ended in 60 moves.} 1-0

[Event "2nd Indonesia Open Chess Ch. 2012"]
[Site "Grand SahidJaya Hotel, Jakarta"]
[Date "2012.10.13"]
[Round "4.48"]
[White "Aris, T.L.S."]
[Black "Ferdiman, Tersiman"]
[Result "1-0"]
[WhiteElo "2238"]
[BlackElo "2005"]
[PlyCount "115"]
[EventDate "2012.10.11"]

1. d4 Nc6 2. Nf3 d5 3. c3 Bg4 4. Bf4 Bxf3 5. gxf3 e6 6. Nd2 f5 7. Qb3 g5 8.
Qxb7 Na5 9. Qxc7 gxf4 10. Qe5 Qf6 11. Qxf4 Bh6 12. Qc7 Qd8 13. Qxd8+ Rxd8 14.
e3 Nf6 15. f4 Ke7 16. Rg1 Rhg8 17. Rg3 Rxg3 18. hxg3 Bg7 19. Be2 Ne4 20. Nxe4
fxe4 21. O-O-O Nc6 22. b4 Kd6 23. a3 a5 24. b5 Nb8 25. a4 Nd7 26. Kc2 Nb6 27.
Kb3 Rc8 28. Rh1 h6 29. Rh4 Ke7 30. g4 Nd7 31. Rh3 Nb6 32. f3 Nc4 33. Bxc4 dxc4+
34. Kc2 exf3 35. Rxf3 Rh8 36. Rh3 Kd6 37. Rh5 Kd7 38. Kd2 Bf6 39. Ke2 Bg7 40.
e4 Rf8 41. Ke3 Rb8 42. e5 Rg8 43. Kf3 Bf8 44. Rh4 Bb4 45. Rxh6 Bxc3 46. d5 exd5
47. Rd6+ Ke7 48. Rxd5 Bb4 49. Rd4 Rc8 50. b6 c3 51. b7 Rb8 52. Rc4 Rxb7 53. f5
Kd8 54. Ke2 Rc7 55. Rxc7 Kxc7 56. Kd3 Kc6 57. g5 Kd5 58. g6 1-0

[Event "2nd Indonesia Open Chess Ch. 2012"]
[Site "Grand SahidJaya Hotel, Jakarta"]
[Date "2012.10.13"]
[Round "4.49"]
[White "Masruri, Rahman"]
[Black "Hartono"]
[Result "1/2-1/2"]
[WhiteElo "2136"]
[BlackElo "2230"]
[PlyCount "90"]
[EventDate "2012.10.11"]

1. d4 c5 2. d5 e5 3. c4 d6 4. Nc3 Ne7 5. h4 h6 6. a3 g6 7. e4 Bg7 8. h5 g5 9.
g4 O-O 10. b4 b6 11. f3 Bd7 12. Rb1 cxb4 13. axb4 Qc7 14. Rh2 Rc8 15. Be3 Qd8
16. Ra2 Qe8 17. Bxb6 a6 18. Be3 f5 19. c5 fxg4 20. fxg4 Kh8 21. Rc1 Ng8 22. c6
Nxc6 23. dxc6 Rxc6 24. Nd5 Rac8 25. Rxc6 Rxc6 26. Rxa6 Qc8 27. Rxc6 Bxc6 28.
Qc2 Qb7 29. Qc4 Qa8 30. Ne2 Bd7 31. Nb6 Qa7 32. Nxd7 Qxe3 33. b5 Qa7 34. Qc6 d5
35. b6 Qa1+ 36. Kf2 dxe4 37. Qxe4 Nf6 38. Nxf6 Bxf6 39. Bg2 Bd8 40. Qg6 Qd1 41.
b7 e4 42. b8=Q e3+ 43. Kxe3 Qxe2+ 44. Kd4 Qc4+ 45. Ke5 Qd4+ 1/2-1/2

[Event "2nd Indonesia Open Chess Ch. 2012"]
[Site "Grand Sahid Jaya Hotel, Jakart"]
[Date "2012.10.13"]
[Round "5.1"]
[White "Bocharov, Dmitry"]
[Black "Yu, Yangyi"]
[Result "0-1"]
[WhiteElo "2603"]
[BlackElo "2651"]
[PlyCount "78"]
[EventDate "2012.10.11"]

1. e4 c5 2. Nf3 e6 3. b3 b6 4. d4 cxd4 5. Nxd4 Bb7 6. Bd3 Bc5 7. Nf3 Nf6 8. Qe2
Nc6 9. c3 Ng4 10. O-O Qc7 11. h3 Nge5 12. Nxe5 Nxe5 13. Bc2 O-O 14. Nd2 Rac8
15. Bb2 Ng6 16. c4 f5 17. Rae1 Nf4 18. Qf3 Rf7 19. Kh1 Rcf8 20. Qg3 Bb4 21. Nf3
Bxe1 22. Rxe1 fxe4 23. Ng5 d5 24. Nxf7 Rxf7 25. Kg1 h6 26. Qg4 Rf5 27. Bc1 Qf7
28. f3 exf3 29. Bxf5 f2+ 30. Kxf2 Nd3+ 31. Ke2 exf5 32. Qd4 Nxe1 33. Kxe1 dxc4
34. bxc4 Bxg2 35. h4 Be4 36. Bb2 Qg6 37. a3 Kh7 38. Qe3 Qg4 39. Qf2 Bd3 0-1

[Event "2nd Indonesia Open Chess Ch. 2012"]
[Site "Grand Sahid Jaya Hotel, Jakart"]
[Date "2012.10.13"]
[Round "5.2"]
[White "Lu, Shanglei"]
[Black "Nguyen, Ngoc Truong Son"]
[Result "1/2-1/2"]
[WhiteElo "2526"]
[BlackElo "2635"]
[PlyCount "70"]
[EventDate "2012.10.11"]

1. e4 e6 2. d4 d5 3. Nd2 dxe4 4. Nxe4 Bd7 5. Nf3 Bc6 6. Bd3 Nd7 7. Ned2 Ngf6 8.
Nc4 Be4 9. Bg5 Be7 10. Bxe4 Nxe4 11. Bxe7 Qxe7 12. Qd3 Nef6 13. O-O-O O-O 14.
Nce5 Rfd8 15. Qb3 Rab8 16. Nxf7 Qxf7 17. Ng5 Qe7 18. Nxe6 Qf7 19. Nxd8 Rxd8 20.
Rhe1 Nb6 21. Qxf7+ Kxf7 22. b3 Nbd5 23. c4 Nc3 24. Rd2 Nce4 25. Rd3 c6 26. Kc2
h5 27. f3 Nd6 28. Re5 g6 29. a4 Nf5 30. Kc3 h4 31. Rd2 Nd7 32. Re4 Nf6 33. Re5
Nd7 34. Re1 Nf6 35. Re5 Nd7 1/2-1/2

[Event "2nd Indonesia Open Chess Ch. 2012"]
[Site "Grand Sahid Jaya Hotel, Jakart"]
[Date "2012.10.13"]
[Round "5.3"]
[White "Ganguly, Surya Shekhar"]
[Black "Grigoryan, Avetik"]
[Result "1/2-1/2"]
[WhiteElo "2610"]
[BlackElo "2572"]
[PlyCount "60"]
[EventDate "2012.10.11"]

1. d4 e6 2. c4 Nf6 3. g3 c5 4. d5 exd5 5. cxd5 d6 6. Nc3 g6 7. Bg2 Bg7 8. Nf3
O-O 9. O-O Nbd7 10. Bf4 Qe7 11. h3 Nh5 12. Bg5 f6 13. Bd2 f5 14. e4 f4 15. g4
Nhf6 16. Bxf4 Nxg4 17. Bg3 Nh6 18. Qd2 Nf7 19. Rae1 g5 20. e5 Ndxe5 21. Nxe5
Bxe5 22. Ne4 Bf5 23. Bxe5 Nxe5 24. Nxg5 Bd3 25. Qxd3 Qxg5 26. Qg3 Qg7 27. Re3
Kh8 28. Qxg7+ Kxg7 29. f4 Ng6 30. Re6 Nxf4 1/2-1/2

[Event "2nd Indonesia Open Chess Ch. 2012"]
[Site "Grand Sahid Jaya Hotel, Jakart"]
[Date "2012.10.13"]
[Round "5.5"]
[White "Sokolov, Ivan"]
[Black "Xiu, Deshun"]
[Result "1-0"]
[WhiteElo "2690"]
[BlackElo "2525"]
[PlyCount "63"]
[EventDate "2012.10.11"]

1. d4 Nf6 2. c4 g6 3. Nc3 d5 4. cxd5 Nxd5 5. e3 Bg7 6. Bc4 Nxc3 7. bxc3 c5 8.
Nf3 O-O 9. O-O Qc7 10. Qe2 Nc6 11. Ba3 Na5 12. Bb5 b6 13. Rac1 Bb7 14. e4 e6
15. Qe3 Rac8 16. dxc5 Rfd8 17. Rfd1 Rxd1+ 18. Rxd1 bxc5 19. h4 Qb6 20. Be2 c4
21. Qf4 e5 22. Qg4 Rd8 23. Rxd8+ Qxd8 24. Bb4 Nc6 25. Bxc4 Bc8 26. Qg3 Qc7 27.
Ng5 Nd8 28. Bb3 h6 29. Nxf7 Nxf7 30. Qxg6 Qd7 31. Bd6 Qe8 32. h5 1-0

[Event "2nd Indonesia Open Chess Ch. 2012"]
[Site "Grand Sahid Jaya Hotel, Jakart"]
[Date "2012.10.13"]
[Round "5.8"]
[White "Chatalbashev, Boris"]
[Black "Dzhumaev, Marat"]
[Result "1-0"]
[WhiteElo "2535"]
[BlackElo "2516"]
[PlyCount "77"]
[EventDate "2012.10.11"]

1. d4 f5 2. g3 Nf6 3. Bg2 d6 4. Nf3 g6 5. b4 Bg7 6. Bb2 O-O 7. c4 c6 8. a4 Na6
9. b5 Nc7 10. O-O Kh8 11. Nbd2 Qe8 12. Qc2 Be6 13. Rfe1 Bg8 14. e4 Nxe4 15.
Nxe4 fxe4 16. Qxe4 Bf6 17. Qe2 Qf7 18. Rac1 Qg7 19. bxc6 bxc6 20. h4 Ne6 21.
Rcd1 c5 22. Ba1 Rab8 23. d5 Bxa1 24. Rxa1 Rb2 25. Qe4 Nd4 26. Rab1 Nxf3+ 27.
Bxf3 Rxb1 28. Rxb1 Qf6 29. Kg2 e6 30. Qe3 exd5 31. cxd5 Kg7 32. a5 Rf7 33. a6
Qe5 34. Qxe5+ dxe5 35. d6 Kf6 36. Rb7 Rf8 37. Rxa7 Bc4 38. d7 Rd8 39. Rc7 1-0

[Event "2nd Indonesia Open Chess Ch. 2012"]
[Site "Grand Sahid Jaya Hotel, Jakart"]
[Date "2012.10.13"]
[Round "5.11"]
[White "Irwanto, Sadikin"]
[Black "Tkachiev, Vladislav"]
[Result "0-1"]
[WhiteElo "2412"]
[BlackElo "2662"]
[PlyCount "95"]
[EventDate "2012.10.11"]

1. d4 e6 2. c4 Bb4+ 3. Bd2 a5 4. Nf3 Nf6 5. g3 d6 6. Bg2 Nbd7 7. O-O e5 8. Bc1
exd4 9. Nxd4 O-O 10. Nc2 Re8 11. a3 Bc5 12. Nc3 a4 13. Nb4 Nb6 14. Bg5 h6 15.
Bxf6 Qxf6 16. Nbd5 Nxd5 17. Nxd5 Qd8 18. e3 Be6 19. Rc1 c6 20. Nf4 Bf5 21. Re1
Qf6 22. Qd2 Bb6 23. Ne2 Qe5 24. Nc3 Be6 25. Bf1 Bc7 26. Qc2 Qa5 27. Bd3 Bd8 28.
Ne2 Bf6 29. Nd4 Bc8 30. Ne2 Rd8 31. Nc3 g6 32. Red1 Bg7 33. Be2 Bf5 34. Bd3 Be6
35. Be2 b5 36. Ne4 bxc4 37. Rxd6 Rxd6 38. Nxd6 c3 39. bxc3 Qc5 40. Ne4 Qxa3 41.
Nd2 Qc5 42. Ne4 Qa5 43. Nd2 Qc5 44. Ne4 Qf5 45. Bd3 a3 46. h4 Qd5 47. Ra1 a2
48. Nd2 0-1

[Event "2nd Indonesia Open Chess Ch. 2012"]
[Site "Grand Sahid Jaya Hotel, Jakart"]
[Date "2012.10.13"]
[Round "5.12"]
[White "Guo, Qi"]
[Black "Korneev, Oleg"]
[Result "0-1"]
[WhiteElo "2391"]
[BlackElo "2591"]
[PlyCount "71"]
[EventDate "2012.10.11"]

1. d4 d5 2. Nf3 Nf6 3. c4 c6 4. Nc3 dxc4 5. a4 Bf5 6. Ne5 Nbd7 7. Nxc4 Nb6 8.
Ne5 a5 9. e3 g6 10. Bd3 Be6 11. O-O Bg7 12. f4 Nfd7 13. Ne4 f6 14. Nxd7 Nxd7
15. Qc2 f5 16. Ng5 Bd5 17. Bc4 Qc8 18. Ne6 Kf7 19. Ng5+ Kg8 20. Bxd5+ cxd5 21.
Qb3 Nf6 22. Bd2 Qd7 23. Rfc1 h6 24. Nf3 Ne4 25. Qb6 Ra6 26. Qb5 Qe6 27. Qxb7
Kf7 28. Ra3 Rb6 29. Qc7 Rxb2 30. Bxa5 Rhb8 31. Bc3 Rb1 32. Rxb1 Rxb1+ 33. Be1
g5 34. a5 Qa6 35. fxg5 Qe2 36. Qf4 0-1

[Event "2nd Indonesia Open Chess Ch. 2012"]
[Site "Grand Sahid Jaya Hotel, Jakart"]
[Date "2012.10.13"]
[Round "5.13"]
[White "Barbosa, Oliver"]
[Black "Gao, Rui"]
[Result "1/2-1/2"]
[WhiteElo "2575"]
[BlackElo "2443"]
[PlyCount "92"]
[EventDate "2012.10.11"]

1. d4 Nf6 2. c4 g6 3. Nc3 d5 4. Nf3 Bg7 5. Qa4+ Bd7 6. Qb3 dxc4 7. Qxc4 O-O 8.
Bf4 c6 9. e3 Be6 10. Qa4 Nbd7 11. Be2 Nd5 12. Bg3 Qb6 13. Qc2 c5 14. O-O Rfc8
15. Qd2 cxd4 16. exd4 Qa5 17. Rfc1 Nxc3 18. bxc3 Nf6 19. c4 Qxd2 20. Nxd2 Nh5
21. Bxh5 gxh5 22. Rab1 Bh6 23. Rd1 Bxd2 24. Rxd2 Rxc4 25. h4 Bd5 26. Rb5 e6 27.
Ra5 a6 28. Bd6 Rac8 29. Bc5 Rc3 30. Kh2 f6 31. Ra4 Kf7 32. Rb4 Rg8 33. f3 Rd8
34. a4 a5 35. Rb5 Ra8 36. Bb6 Rc4 37. Rxa5 Rxa5 38. Bxa5 Rxa4 39. Bb6 Rb4 40.
Bc5 Rb1 41. Rd3 Rb2 42. Kg3 Bc4 43. Rc3 b5 44. Ra3 b4 45. Ra7+ Ke8 46. Ra4 Bd5
1/2-1/2

[Event "2nd Indonesia Open Chess Ch. 2012"]
[Site "Grand Sahid Jaya Hotel, Jakart"]
[Date "2012.10.13"]
[Round "5.14"]
[White "Sitanggang, Salor"]
[Black "Ghaem Maghami, Ehsan"]
[Result "0-1"]
[WhiteElo "2367"]
[BlackElo "2557"]
[PlyCount "70"]
[EventDate "2012.10.11"]

1. c4 Nf6 2. Nc3 e5 3. g3 d5 4. cxd5 Nxd5 5. Qa4+ Bd7 6. Qb3 Nb6 7. Nf3 Nc6 8.
Bg2 Be7 9. d3 g5 10. Be3 Be6 11. Qc2 g4 12. Nd2 h5 13. Nb3 Nd5 14. Bd2 Ndb4 15.
Qd1 h4 16. a3 Nd5 17. O-O hxg3 18. hxg3 Nxc3 19. bxc3 Qd7 20. Rb1 Bxa3 21. c4
f5 22. Na5 Nd4 23. e3 Nf3+ 24. Bxf3 gxf3 25. Qxf3 e4 26. dxe4 Qh7 27. Qg2 fxe4
28. Rb5 O-O-O 29. Bc3 Bg4 30. Bxh8 Rxh8 31. f4 exf3 32. Rxf3 Bxf3 33. Qxf3 Qh2+
34. Kf1 Rf8 35. Rf5 Qh3+ 0-1

[Event "2nd Indonesia Open Chess Ch. 2012"]
[Site "Grand Sahid Jaya Hotel, Jakart"]
[Date "2012.10.13"]
[Round "5.15"]
[White "Paragua, Mark"]
[Black "Bitoon, Richard"]
[Result "1/2-1/2"]
[WhiteElo "2540"]
[BlackElo "2430"]
[PlyCount "61"]
[EventDate "2012.10.11"]

1. d4 Nf6 2. c4 e6 3. Nc3 d5 4. Bg5 Be7 5. Nf3 O-O 6. e3 h6 7. Bh4 Ne4 8. Bxe7
Qxe7 9. Rc1 Nxc3 10. Rxc3 c6 11. Bd3 dxc4 12. Bxc4 b6 13. O-O Bb7 14. Qe2 Nd7
15. Ba6 Bxa6 16. Qxa6 c5 17. Rfc1 e5 18. Qb7 exd4 19. exd4 Qd6 20. Rd1 Rae8 21.
Rcc1 Re7 22. dxc5 Nxc5 23. Rxd6 Nxb7 24. Rd2 Rd8 25. Rxd8+ Nxd8 26. Kf1 Ne6 27.
g3 Kf8 28. Rc8+ Re8 29. Rxe8+ Kxe8 30. Ke2 Kd7 31. Kd3 1/2-1/2

[Event "2nd Indonesia Open Chess Ch. 2012"]
[Site "Grand Sahid Jaya Hotel, Jakart"]
[Date "2012.10.13"]
[Round "5.16"]
[White "Nguyen, Van Huy"]
[Black "Juswanto, Denny"]
[Result "1/2-1/2"]
[WhiteElo "2517"]
[BlackElo "2412"]
[PlyCount "101"]
[EventDate "2012.10.11"]

1. Nf3 Nf6 2. c4 g6 3. g3 Bg7 4. Bg2 O-O 5. O-O d6 6. Nc3 e5 7. d3 h6 8. Rb1
Nc6 9. b4 Be6 10. b5 Ne7 11. Nd2 Qc8 12. a4 Bh3 13. Ba3 Bxg2 14. Kxg2 Qd7 15.
e4 b6 16. a5 Nh7 17. axb6 axb6 18. Ra1 Ng5 19. Qe2 Ne6 20. Nb3 f5 21. Bb2 Rxa1
22. Bxa1 f4 23. f3 fxg3 24. hxg3 Ng5 25. Kg1 Qh3 26. Qg2 Qh5 27. Qh1 Nxf3+ 28.
Kg2 Qg4 29. Nd1 Ng5 30. Rxf8+ Bxf8 31. Qf1 Ne6 32. Ne3 Qg5 33. Bc3 Bg7 34. Bd2
Qh5 35. Nd5 Nxd5 36. cxd5 Ng5 37. Bxg5 Qxg5 38. Qf2 h5 39. Nd2 Qg4 40. Nf3 Bh6
41. Nh2 Qg5 42. Nf3 Qc1 43. Nh4 Kg7 44. Nxg6 Kxg6 45. Qf5+ Kg7 46. Qd7+ Kg8 47.
Qe6+ Kf8 48. Qf6+ Kg8 49. Qe6+ Kh8 50. Qc8+ Kh7 51. Qf5+ 1/2-1/2

[Event "2nd Indonesia Open Chess Ch. 2012"]
[Site "Grand Sahid Jaya Hotel, Jakart"]
[Date "2012.10.13"]
[Round "5.17"]
[White "Cao, Sang"]
[Black "Tania, Sachdev"]
[Result "1/2-1/2"]
[WhiteElo "2514"]
[BlackElo "2401"]
[PlyCount "61"]
[EventDate "2012.10.11"]

1. Nf3 Nf6 2. c4 e6 3. g3 d5 4. b3 Be7 5. Bg2 O-O 6. O-O b6 7. Bb2 Bb7 8. cxd5
exd5 9. d4 Nbd7 10. Nc3 Re8 11. Rc1 Bf8 12. Qc2 c6 13. Rfe1 Rc8 14. Red1 Bd6
15. Nh4 g6 16. Nf3 Qe7 17. e3 Nf8 18. Qe2 Rc7 19. Ne5 N6d7 20. Nxd7 Nxd7 21. e4
dxe4 22. Qxe4 Nf6 23. Qh4 Nd5 24. Nxd5 cxd5 25. Qxe7 Rexe7 26. Bf3 Rxc1 27.
Rxc1 Rc7 28. Rxc7 Bxc7 29. Kf1 f5 30. Bc1 Kf7 31. Be2 1/2-1/2

[Event "2nd Indonesia Open Chess Ch. 2012"]
[Site "Grand Sahid Jaya Hotel, Jakart"]
[Date "2012.10.13"]
[Round "5.18"]
[White "Xu, Jun"]
[Black "Wahono, Awam"]
[Result "1-0"]
[WhiteElo "2506"]
[BlackElo "2389"]
[PlyCount "85"]
[EventDate "2012.10.11"]

1. d4 d6 2. Nf3 Bf5 3. c4 c6 4. Nc3 Nf6 5. Nh4 Bd7 6. e4 e5 7. Nf3 Qc7 8. h3 a6
9. Be2 b5 10. a3 Be7 11. O-O bxc4 12. Bxc4 O-O 13. Be3 h6 14. Rc1 Bc8 15. dxe5
dxe5 16. Nd5 Nxd5 17. exd5 Bb7 18. Qb3 Bd6 19. Nd2 c5 20. Ne4 Bc8 21. Nxc5 Qe7
22. Ne4 Nd7 23. Nxd6 Qxd6 24. Qb4 Qg6 25. Ba2 Rb8 26. Qc3 f5 27. f4 e4 28. b4
Kh7 29. Rfd1 Nf6 30. d6 Bd7 31. Qe1 Bb5 32. Rc7 Bd3 33. Re7 Rbd8 34. Bc5 Nh5
35. Qe3 Qf6 36. d7 Qh4 37. Bd6 Rf6 38. Be6 Rxe6 39. Rxe6 Rxd7 40. Be5 Rf7 41.
Kh2 Rb7 42. Rxd3 exd3 43. Qxd3 1-0

[Event "2nd Indonesia Open Chess Ch. 2012"]
[Site "Grand Sahid Jaya Hotel, Jakart"]
[Date "2012.10.13"]
[Round "5.19"]
[White "Sukandar, Irine Kharisma"]
[Black "Nguyen, Duc Hoa"]
[Result "0-1"]
[WhiteElo "2362"]
[BlackElo "2494"]
[PlyCount "118"]
[EventDate "2012.10.11"]

1. e4 c5 2. Nf3 d6 3. d4 cxd4 4. Nxd4 Nf6 5. Nc3 g6 6. Be3 Bg7 7. f3 Nc6 8. Qd2
O-O 9. O-O-O Nxd4 10. Bxd4 Be6 11. g4 Qa5 12. Kb1 Rfc8 13. a3 Rab8 14. g5 Nh5
15. Bxg7 Kxg7 16. Bd3 b5 17. Ne2 b4 18. Nd4 Qc5 19. Nxe6+ fxe6 20. a4 Rf8 21.
Rhf1 Rf4 22. Bb5 a5 23. Bd7 Kf7 24. Qd4 Qc7 25. Bb5 Rc8 26. Rf2 Qc5 27. Qxc5
Rxc5 28. Rg1 d5 29. Rg4 Kg7 30. Re2 Rxg4 31. fxg4 Nf4 32. Re3 d4 33. Rf3 Ng2
34. Be8 Re5 35. Bc6 Rxg5 36. Rd3 Rc5 37. Bd7 e5 38. Rd2 Ne3 39. Rf2 Nc4 40. Be6
Nd6 41. Bd5 Rc8 42. Kc1 Rf8 43. Rxf8 Kxf8 44. c3 bxc3 45. bxc3 dxc3 46. Kc2 e6
47. Bc6 Ke7 48. Kxc3 Kd8 49. Bb5 Nxe4+ 50. Kc2 g5 51. Bc6 Nd6 52. Kc3 Kc7 53.
Bf3 Kb6 54. Bg2 Kc5 55. Bf3 h6 56. Bg2 Nc4 57. Bf3 Nb6 58. Bd1 e4 59. Bb3 Nd5+
0-1

[Event "2nd Indonesia Open Chess Ch. 2012"]
[Site "Grand Sahid Jaya Hotel, Jakart"]
[Date "2012.10.13"]
[Round "5.20"]
[White "Shyam, Sundar M"]
[Black "Pham, Le Thao Nguyen"]
[Result "1/2-1/2"]
[WhiteElo "2494"]
[BlackElo "2387"]
[PlyCount "70"]
[EventDate "2012.10.11"]

1. d4 d5 2. c4 c6 3. Nf3 Nf6 4. e3 Bf5 5. Nc3 e6 6. Nh4 Be4 7. f3 Bg6 8. Qb3
Qb6 9. Nxg6 hxg6 10. Bd2 Nbd7 11. g3 Be7 12. Qc2 Qc7 13. O-O-O Nb6 14. cxd5
cxd5 15. e4 a6 16. Kb1 Rc8 17. Bd3 Nc4 18. exd5 exd5 19. Bf4 Na3+ 20. bxa3 Qxc3
21. Qxc3 Rxc3 22. a4 Kd7 23. Bc1 Ba3 24. Bb2 Bxb2 25. Kxb2 Rc6 26. Rd2 Kd6 27.
Rc1 Rxc1 28. Kxc1 Nd7 29. Rb2 Rc8+ 30. Kd2 Rc7 31. h4 Nb8 32. Rb6+ Nc6 33. Bb5
axb5 34. axb5 Re7 35. bxc6 bxc6 1/2-1/2

[Event "2nd Indonesia Open Chess Ch. 2012"]
[Site "Grand Sahid Jaya Hotel, Jakart"]
[Date "2012.10.13"]
[Round "5.21"]
[White "Situru, Muhammad Ivan"]
[Black "Wan, Yunguo"]
[Result "0-1"]
[WhiteElo "2284"]
[BlackElo "2477"]
[PlyCount "76"]
[EventDate "2012.10.11"]

1. e4 c5 2. Nf3 e6 3. d4 cxd4 4. Nxd4 a6 5. Nc3 Qc7 6. Be2 Nf6 7. O-O d6 8. a4
b6 9. f4 Bb7 10. Bf3 Nbd7 11. g4 h6 12. Qe2 g5 13. e5 dxe5 14. fxe5 Bc5 15. Be3
Qxe5 16. Bxb7 Bxd4 17. Bxd4 Qxd4+ 18. Kh1 Rd8 19. Bf3 Qb4 20. Nd5 Nxd5 21. Bxd5
O-O 22. c3 Qc5 23. Be4 Ne5 24. Rf6 Kg7 25. Raf1 a5 26. h3 Rd7 27. R6f2 Rfd8 28.
Bc2 Rd2 29. Qxd2 Rxd2 30. Rxd2 Qe3 31. Rh2 h5 32. gxh5 f5 33. Bd1 Kh6 34. Be2
Qe4+ 35. Rg2 Qxa4 36. Rd1 Qh4 37. Rd6 Qe1+ 38. Kh2 Nf3+ 0-1

[Event "2nd Indonesia Open Chess Ch. 2012"]
[Site "Grand Sahid Jaya Hotel, Jakart"]
[Date "2012.10.13"]
[Round "5.22"]
[White "Hoang, Thanh Trang"]
[Black "Ardiansyah, H."]
[Result "1/2-1/2"]
[WhiteElo "2470"]
[BlackElo "2371"]
[PlyCount "99"]
[EventDate "2012.10.11"]

1. d4 d5 2. Bf4 c5 3. e3 Nc6 4. c3 a6 5. Nd2 Nf6 6. Ngf3 e6 7. Ne5 Nxe5 8. dxe5
Nd7 9. Bd3 c4 10. Bc2 g5 11. Bg3 h5 12. h4 g4 13. e4 Nc5 14. Qe2 Bh6 15. Rd1
Qb6 16. exd5 exd5 17. b3 cxb3 18. axb3 Be6 19. O-O O-O-O 20. b4 Nd7 21. Nb3 Kb8
22. Nd4 Rc8 23. Ba4 Nf8 24. Qd3 Qc7 25. Ne2 Ng6 26. b5 Qc4 27. Qxc4 Rxc4 28.
Ra1 axb5 29. Bxb5 Rc5 30. Bd3 Ne7 31. Rfb1 Rhc8 32. Rb2 Nc6 33. Rab1 Rc7 34. f4
gxf3 35. gxf3 Be3+ 36. Kg2 d4 37. cxd4 Nxd4 38. Nxd4 Bxd4 39. Rb5 Rc2+ 40. Bxc2
Rxc2+ 41. Kh1 Bh3 42. Rxb7+ Ka8 43. Rb8+ Ka7 44. R8b7+ Ka8 45. Rb8+ Ka7 46.
R8b4 Bg2+ 47. Kh2 Bf1+ 48. Kh1 Bg2+ 49. Kh2 Bf1+ 50. Kh1 1/2-1/2

[Event "2nd Indonesia Open Chess Ch. 2012"]
[Site "Grand Sahid Jaya Hotel, Jakart"]
[Date "2012.10.13"]
[Round "5.24"]
[White "Krasenkow, Michal"]
[Black "Tirto"]
[Result "1-0"]
[WhiteElo "2636"]
[BlackElo "2322"]
[PlyCount "57"]
[EventDate "2012.10.11"]

1. d4 Nf6 2. c4 e6 3. Nf3 d5 4. Nc3 Be7 5. Qc2 O-O 6. cxd5 exd5 7. Bg5 Na6 8.
e3 Nb4 9. Qb3 Bf5 10. Rc1 c6 11. Bxf6 gxf6 12. a3 Nd3+ 13. Bxd3 Bxd3 14. Nxd5
Ba6 15. Nxe7+ Qxe7 16. Rc5 Kh8 17. Qc2 Rg8 18. Nh4 Qe6 19. Rh5 Rg7 20. h3 Rd8
21. Kd1 b6 22. Kc1 Qa2 23. g4 c5 24. d5 Qc4 25. Qxc4 Bxc4 26. Kb1 Bd3+ 27. Kc1
Bg6 28. Nf5 Bxf5 29. Rxf5 {Unreadable notation. Game ended in 61 moves.} 1-0

[Event "2nd Indonesia Open Chess Ch. 2012"]
[Site "Grand Sahid Jaya Hotel, Jakart"]
[Date "2012.10.13"]
[Round "5.25"]
[White "Lou, Yiping"]
[Black "Mahmud, Syarif"]
[Result "1-0"]
[WhiteElo "2444"]
[BlackElo "2291"]
[PlyCount "63"]
[EventDate "2012.10.11"]

1. d4 Nf6 2. c4 g6 3. Nc3 Bg7 4. e4 d6 5. f3 Nc6 6. Be3 a6 7. Qd2 Rb8 8. O-O-O
O-O 9. Kb1 Bd7 10. Nge2 b5 11. Nc1 bxc4 12. Bxc4 e5 13. d5 Nd4 14. N3e2 Nb5 15.
Nb3 Ne8 16. g4 f5 17. h3 Qe7 18. Bd3 fxe4 19. fxe4 c5 20. dxc6 Bxc6 21. Rhf1
Nec7 22. Qc2 Be8 23. Rxf8+ Bxf8 24. a4 Na3+ 25. bxa3 d5 26. exd5 Qxa3 27. Bc4
Bd6 28. Nc3 Qb4 29. Na2 Qxa4 30. Ka1 Nb5 31. Bxb5 Rxb5 32. Rd3 1-0

[Event "2nd Indonesia Open Chess Ch. 2012"]
[Site "Grand Sahid Jaya Hotel, Jakart"]
[Date "2012.10.13"]
[Round "5.27"]
[White "Khairul, Anam"]
[Black "Purnama, Tirta Chandra"]
[Result "1/2-1/2"]
[WhiteElo "2308"]
[BlackElo "2384"]
[PlyCount "96"]
[EventDate "2012.10.11"]

1. d4 Nf6 2. c4 g6 3. Nc3 Bg7 4. e4 d6 5. f3 O-O 6. Be3 c5 7. dxc5 dxc5 8. Qxd8
Rxd8 9. Bxc5 Nc6 10. Nge2 Nd7 11. Ba3 Nde5 12. Nf4 b6 13. Nfd5 e6 14. Ne7+ Nxe7
15. Bxe7 Rd7 16. Bg5 Ba6 17. Rd1 Rxd1+ 18. Nxd1 Bxc4 19. Bxc4 Nxc4 20. b3 Na3
21. Ne3 Rc8 22. Kd2 Bb2 23. Be7 Rc7 24. Bxa3 Bxa3 25. Rd1 Kf8 26. Ke2 Ke7 27.
Nc4 Bc5 28. Rd2 Bg1 29. h3 Bh2 30. Rc2 Bf4 31. Ne3 Rd7 32. Nd1 f5 33. Nf2 Bg3
34. Nd3 g5 35. Rc6 Rc7 36. Rxc7+ Bxc7 37. exf5 exf5 38. Ke3 Bd6 39. g4 Ke6 40.
Kd4 fxg4 41. hxg4 Ba3 42. b4 a5 43. b5 Kd6 44. Ke4 Ke6 45. Ne5 Bc5 46. Nd3 Ba3
47. Nf2 Bc5 48. Nd3 Ba3 1/2-1/2

[Event "2nd Indonesia Open Chess Ch. 2012"]
[Site "Grand Sahid Jaya Hotel, Jakart"]
[Date "2012.10.13"]
[Round "5.28"]
[White "Tunasly, Kifly"]
[Black "Bai, Jinshi"]
[Result "1/2-1/2"]
[WhiteElo "2376"]
[BlackElo "2252"]
[PlyCount "76"]
[EventDate "2012.10.11"]

1. e4 e5 2. d4 exd4 3. Qxd4 Nc6 4. Qe3 g6 5. Bd2 Bg7 6. Nc3 Nge7 7. h4 O-O 8.
O-O-O d5 9. Qg3 dxe4 10. h5 Qd6 11. hxg6 Qxg6 12. Qxg6 hxg6 13. Nxe4 Bf5 14. f3
Rad8 15. Bc4 a6 16. Ne2 Ne5 17. Bb3 Bxe4 18. fxe4 c5 19. Bg5 Rde8 20. c3 c4 21.
Bc2 N7c6 22. Nd4 Rc8 23. Nf3 Rfe8 24. Rd5 Re6 25. Rhd1 Rce8 26. a4 Nd3+ 27.
Bxd3 cxd3 28. Nd2 Ne5 29. Bf4 Ng4 30. Rf1 Nf6 31. Rxd3 Nxe4 32. Nb3 g5 33. Bc7
R8e7 34. Bd8 Re8 35. a5 Bh6 36. g4 Rd6 37. Rxd6 Nxd6 38. Bc7 Ne4 1/2-1/2